000 00780cam a22002777a 4500
003 CHAP
005 20220817042541.0
008 971013s1980 r 00010 d
010 _a47844
011 _a48816
035 _a52963
040 _cCHAP
082 _a633.31
_bT6
100 0 0 _aTocagni, Héctor.
_9113504
245 1 3 _aLa alfalfa
260 _aBuenos Aires :
_bAlbatros,
_c1980
300 _a137 p.
_b: ilus. ; mapa
590 _aBATCH-UPD
_b10
_c20130110
_lUCH01
_h1537
590 _aBATCH-UPD
_b10
_c20130410
_lUCH01
_h0941
590 _aBATCH-UPD
_b10
_c20130914
_lUCH01
_h0229
590 _aCONVERSION
_b10
_c20130109
_lUCH01
_h1326
650 1 4 _aAlfalfa.
901 _aBK
942 _cLIBRO
949 _a633.31 T6
_bBC
_cLIBRO
_d33724000601308
_eLIBRO
_h61193
_i52963
_si
999 _c47844
_d47844